000 00946nam0a22002531 4500
001 rc\874949
005 20041129093505.7
035 _a(NLR Aleph) 006053127
090 _a4827835
_c4827835
100 _a20041129d1984 u |0rusy50 ca
101 0 _arus
102 _aRU
105 _aa |||||||||
200 1 _aИсточники тока для моделей кораблей
_f[Мастер спорта СССР, Засл. тренер РСФСР А.С. Целовальников]
210 _aМ.
_cБ. и.
_d1984
215 _a[1], 13 с.
_cил.
_d20
300 _aВ надзаг.: Центр. мор. клуб ДОСААФ СССР
700 1 _aЦеловальников
_bА. С.
_gАлексей Сергеевич
712 0 2 _aЦентральный морской клуб
_cМосква
_3RU\NLR\AUTH\8810036096
801 0 _aRU
_bNLR
_gpsbo
801 1 _aRU
_bELAR
_2rusmarc
852 _aNLR
_j85-4/31340
942 _cBOOK
980 _aNB